Biblioteca Parlamentaria
Catálogo en línea

In vino veritas (Registro nro. 37875)

000 -CABECERA
Campo de control interno 00400nam a22001697a 4500
005 - FECHA Y HORA DE LA CATALOGACION
Campo de control 20170425114947.0
008 - ELEMENTOS DE LONGITUD FIJA - INFORMACION
Elementos de Longitud Fija - Informaci 170425b xxu||||| |||| 00| 0 eng d
020 ## - INTERNATIONAL STANDARD BOOK NUMBER
ISBN 84-250-7428-2
040 ## - ORIGEN DE LA CATALOGACION
Origen de la Catalogación ANE
041 ## - CODIGO DE LENGUAJE
Código de lenguaje del texto Es
082 ## - NUMERO DE CLASIFICACION DECIMAL DEWEY
1ra. Clasificación 863 K47
100 ## - AUTOR PERSONAL
Autor Personal Kierkegaard
245 ## - TÍTULO GENERAL
Título In vino veritas
Subtítulo La repetición
Mención del autor Kierkegaard
260 ## - EDITORIAL
Ciudad Madrid
Fecha 1976
300 ## - DESCRIPCION
Número de páginas 286 p.
942 ## - ELEMENTOS DE KOHA
Esquema de Clasificaci
Tipo de Documento Libros
Catalogador Nr.
Existencias
Withdrawn status Lost status Fuente de Clasificaci Damaged status Not for loan Ubicaci Biblioteca Fecha de Adquisición Vía de adquisición Signatura Topogr Código de barras Date last seen Price effective from Tipo de Item
          Biblioteca Asamblea Nacional Biblioteca Asamblea Nacional 2017-04-25 Donación 863 K47 35560 2017-04-25 2017-04-25 Libros
Dirección: Av. 6 de Diciembre y Piedrahita | Quito - Ecuador
Teléfonos: 593-23991000 Ext: 1147/1148
Correo:
archivo.biblioteca@asambleanacional.gob.ec

Soporte: FusionSolutions Cia. Ltda
archivobiblioteca white

Con tecnología Koha